000
00328nam a2200157Ia 4500
100
_a
Howe/H.E
650
_a
Chemistry
942
_c
BK
654
_a
Chemistry
245
_a
Chemistry in Industry
260
_b
Chemical Foundation
_a
Newyork
_c
1931
082
_a
660
_b
HOW
300
_a
392
546
_a
ENGLISH
999
_c
18656
_d
18656